Meeting the critical challenge: Re-tooling and re-founding defences of local democratic institutions (Record no. 529073)

000 -LEADER
fixed length control field 01607nam a22001457a 4500
008 - FIXED-LENGTH DATA ELEMENTS--GENERAL INFORMATION
fixed length control field 250219b ||||| |||| 00| 0 eng d
100 ## - MAIN ENTRY--PERSONAL NAME
Personal name Barnett, Neil
245 ## - TITLE STATEMENT
Title Meeting the critical challenge: Re-tooling and re-founding defences of local democratic institutions
260 ## - PUBLICATION, DISTRIBUTION, ETC. (IMPRINT)
Place of publication, distribution, etc Local Government Studies
300 ## - PHYSICAL DESCRIPTION
Extent 50(6), Dec, 2024: p.980-988
520 ## - SUMMARY, ETC.
Summary, etc Local government studies was born as a sub-division of public administration, but was progressively cross-fertilised with a range of disciplines, notably political geography and urban studies. This buffeted what had been normative foundations of the field, notably liberal democracy, and challenged meanings of key concepts from its lexicon, including the ‘local’, democracy, government, place and scale. These cherished concepts have been re-imagined and are now more than ever ‘up for grabs’. Subsequently, normative theorising about the local government waned. This paper argues that we need to meet the challenge set by these new insights and ask what would a defence of local government look like if we took them into account? In doing so, we should recognise both their value and limitations; engaging in the challenge will reveal the need to re-visit some long-held assumptions about not only the value of local democratic institutions but also their continuing fundamental relevance.- Reproduced

https://www.tandfonline.com/doi/full/10.1080/03003930.2024.2401922#abstract
650 ## - SUBJECT ADDED ENTRY--TOPICAL TERM
Topical term or geographic name as entry element Local, Critical, Normative, Institutions, Liberal democracy.
9 (RLIN) 50728
773 ## - HOST ITEM ENTRY
Main entry heading Local Government Studies
942 ## - ADDED ENTRY ELEMENTS (KOHA)
Item type Articles
Holdings
Withdrawn status Lost status Source of classification or shelving scheme Damaged status Not for loan Permanent location Current location Date acquired Serial Enumeration / chronology Barcode Date last seen Koha item type
          Indian Institute of Public Administration Indian Institute of Public Administration 2025-02-19 50(6), Dec, 2024: p.980-988 AR135226 2025-02-19 Articles

Powered by Koha